000 00835nam a22002532 4500
001 0000024599
005 20151217155236.0
008 140110s xx 000 0 eng d
020 _a0199757213 :
040 _aKABU
_cKABU
100 1 _aFletcher, George P.
_@0000184944
245 1 0 _aDefending humanity :
_bwhen force is justified and why /
_cGeorge P. Fletcher and Jens David Ohlin.
250 _a1st ed.
260 _aOxford :
_bO. U. P.,
_c2008.
300 _axvi, 268 p.
650 0 _aWar.
_@0000183026
650 0 _aWar
_xCauses.
_@0000184945
650 0 _aIntervention (International law)
_@0000135107
650 0 _aPreemptive attack (Military science)
_@0000184946
700 1 _aOhlin, Jens David.
_@0000184947
852 1 _9p2160 KES
908 _a140110
950 _@1
999 _c12244
_d12244